ABBA Summer Night City-Lyrics Quiz - Statistics

General Stats
  • This quiz has been taken 28 times
    16 since last reset
  • The average score is 183 of 248
Answer Stats
Answer % Correct
a
100%
action
100%
city
100%
night
100%
Summer
100%
the
100%
attraction
90%
everywhere,
90%
feel
90%
feeling
90%
for
90%
go
90%
I
90%
in
90%
In
90%
it
90%
know
90%
love
90%
me
90%
strange
90%
sun,
90%
time
90%
Time
90%
to
90%
comes
80%
dancing
80%
From
80%
it's
80%
It's
80%
like
80%
moonlight,
80%
moonlight
80%
morning
80%
on
80%
that
80%
air
70%
and
70%
And
70%
can't
70%
Can't
70%
fancy
70%
free,
70%
long
70%
making
70%
of
70%
Some
70%
Tonight
70%
turns
70%
Waiting
70%
waiting
70%
Walking
70%
When
70%
when
70%
dark
60%
don't
60%
dream
60%
gone
60%
I'm
60%
just
60%
Just
60%
My
60%
my
60%
Nothing's
60%
people
60%
sleeping
60%
slowly
60%
spine
60%
strong
60%
sunrise,
60%
sunrise
60%
take
60%
there
60%
We
60%
with
60%
ah,
50%
ah
50%
call
50%
first
50%
giant
50%
give
50%
kind
50%
miss
50%
park
50%
resist
50%
see
50%
sing
50%
start
50%
too
50%
Up
50%
beach
40%
birds
40%
creeping
40%
live
40%
Lots
40%
lots
40%
out
40%
reach
40%
Somehow
40%
something
40%
soul
40%
them
40%
what's
40%
driftwood
30%
dynamo
30%
folks
30%
growing
30%
impatience
30%
light
30%
litter
30%
loose
30%
only
30%
pale
30%
remembering
30%
they're
30%
worth
30%
dawning
20%
glitter
20%
Scattered
20%
tomorrow
20%
breathe
10%
elusive
0%
No matching quizzes found
Score Distribution
Percent of People with Each Score
Percentile by Number Answered
Your Score History
You have not taken this quiz since the last reset